000
00497nam a2200169Ia 4500
008
090711s9999 xx 000 0 und d
082
_b
74689
100
_a
बनहट्टी राजेंद्र
245
_a
मध्यंतर
260
_c
1994
300
_a
128
600
_a
बनहट्टी राजेंद्र
630
_a
मध्यंतर
700
_a
बनहट्टी राजेंद्र
730
_a
मध्यंतर
942
_c
BOOK
999
_c
306236
_d
306236